[Event "Reto (Fritz11, 90'+10\"/999) "]
[Site "?"]
[Date "2009.12.31"]
[Round "?"]
[White "Diaz, Sergio"]
[Black "Cabrera, Marcelo Dario"]
[Result "1/2-1/2"]
[WhiteElo "2472"]
[BlackElo "2267"]
[PlyCount "121"]

1. e4 c5 2. Nf3 e6 3. d4 cxd4 4. Nxd4 a6 5. Bd3 Nf6 6. O-O Qc7 7. Qe2 d6 8. c4
Be7 9. Nc3 Nc6 10. Nxc6 bxc6 11. f4 Nd7 12. Be3 Rb8 13. Rad1 O-O 14. Rf3 g6 15.
g4 Bf6 16. Qd2 Bb7 17. g5 Bg7 18. Be2 {[%eval 48,14] [%emt 0:00:20]} d5 {
[%eval 28,15] [%emt 0:00:38]} 19. Rf2 {[%eval 26,15] [%emt 0:00:19]} Nb6 {
[%eval 28,15] [%emt 0:00:12]} 20. exd5 {[%eval 12,15] [%emt 0:00:34] (f5)} cxd5
{[%eval 7,17] [%emt 0:00:18]} 21. c5 {[%eval 0,18] [%emt 0:00:27]} Nc4 {
[%eval 0,19] [%emt 0:00:27]} 22. Bxc4 {[%eval 0,19] [%emt 0:00:23]} dxc4 {
[%eval 0,19] [%emt 0:00:11]} 23. Qd6 {[%eval -9,19] [%emt 0:00:35]} Qc8 {
[%eval -10,19] [%emt 0:00:25]} 24. Qd7 {[%eval -16,19] [%emt 0:00:41]} Qxd7 {
[%eval -6,19] [%emt 0:00:17]} 25. Rxd7 {[%eval -5,19] [%emt 0:00:02]} Rfc8 {
[%eval -1,19] [%emt 0:00:59] (Ac6)} 26. Rd1 {[%eval -13,17] [%emt 0:00:22] 
(Tfd2)} Bc6 {[%eval -18,18] [%emt 0:00:27]} 27. Kf1 {[%eval -15,18] [%emt 0:00:
51]} Bf8 {[%eval -19,18] [%emt 0:00:19] (a5)} 28. Ke1 {[%eval -19,18] [%emt 0:
00:19]} h5 {[%eval -22,18] [%emt 0:00:18]} 29. Kf1 {[%eval -31,18] [%emt 0:00:
39] (Tdd2)} Rb4 {[%eval -33,17] [%emt 0:00:22] (Td8)} 30. Rfd2 {[%eval -39,17]
[%emt 0:00:26] (Ad4)} a5 {[%eval -34,17] [%emt 0:00:18]} 31. Bf2 {[%eval -32,
17] [%emt 0:00:45]} a4 {[%eval -33,17] [%emt 0:00:41] (Tb7)} 32. Rc1 {[%eval
-38,17] [%emt 0:00:32]} Ra8 {[%eval -27,17] [%emt 0:00:23]} 33. a3 {[%eval -26,
17] [%emt 0:00:11]} Rb3 {[%eval -24,17] [%emt 0:00:24]} 34. Rcc2 {[%eval -19,
17] [%emt 0:00:23]} Be7 {[%eval -18,17] [%emt 0:00:30] (Tab8)} 35. Ke1 {
[%eval -17,17] [%emt 0:00:14]} Rab8 {[%eval -17,17] [%emt 0:00:27] (Te8)} 36.
Bd4 {[%eval -17,17] [%emt 0:00:11]} Rc8 {[%eval -22,17] [%emt 0:00:28]} 37. Be3
{[%eval -20,16] [%emt 0:00:13] (Te2)} f6 {[%eval -36,17] [%emt 0:00:21]} 38.
gxf6 {[%eval -33,17] [%emt 0:00:32]} Bxf6 {[%eval -42,18] [%emt 0:00:32]} 39.
Bd4 {[%eval -34,18] [%emt 0:00:30] (Rd1)} Bh4+ {[%eval -35,18] [%emt 0:00:15]}
40. Bf2 {[%eval -35,19] [%emt 0:00:27]} Be7 {[%eval -28,19] [%emt 0:00:59]} 41.
Ne2 {[%eval -17,17] [%emt 0:00:11]} Rh3 {[%eval -26,18] [%emt 0:00:29]} 42. Bg3
{[%eval -13,18] [%emt 0:00:33]} h4 {[%eval -24,18] [%emt 0:00:13]} 43. Ng1 {
[%eval -30,19] [%emt 0:00:10]} Rxg3 {[%eval -28,20] [%emt 0:00:20]} 44. hxg3 {
[%eval -27,18] [%emt 0:00:03]} hxg3 {[%eval -28,19] [%emt 0:00:14]} 45. Rxc4 {
[%eval -28,19] [%emt 0:00:18]} Bd5 {[%eval -26,19] [%emt 0:00:20]} 46. Rc3 {
[%eval -24,19] [%emt 0:00:16]} Rxc5 {[%eval -30,19] [%emt 0:00:10]} 47. Rxg3 {
[%eval -24,19] [%emt 0:00:18]} Bh4 {[%eval -33,19] [%emt 0:00:13]} 48. Ne2 {
[%eval -25,20] [%emt 0:00:21]} Kf7 {[%eval -25,17] [%emt 0:00:07]} 49. Kf1 {
[%eval -24,19] [%emt 0:00:12]} Bxg3 {[%eval -33,19] [%emt 0:00:06]} 50. Nxg3 {
[%eval -31,19] [%emt 0:00:04]} e5 {[%eval -30,20] [%emt 0:00:23]} 51. fxe5 {
[%eval -29,20] [%emt 0:00:13]} Ke6 {[%eval -32,20] [%emt 0:00:16]} 52. Kf2 {
[%eval -27,20] [%emt 0:00:22]} Rc4 {[%eval -26,20] [%emt 0:00:34]} 53. Re2 {
[%eval -25,20] [%emt 0:00:37]} Rh4 {[%eval -28,19] [%emt 0:00:11] (Ab7)} 54.
Ke1 {[%eval -21,20] [%emt 0:00:20]} Rd4 {[%eval -14,20] [%emt 0:00:30] (g5)}
55. Re3 {[%eval -21,20] [%emt 0:00:19]} g5 {[%eval -20,20] [%emt 0:00:23]} 56.
Ke2 {[%eval -17,20] [%emt 0:00:42]} Ba8 {[%eval -17,20] [%emt 0:00:46]} 57. b4
{[%eval -11,20] [%emt 0:00:36]} axb3 {[%eval -12,19] [%emt 0:00:58]} 58. Rxb3 {
[%eval -9,17] [%emt 0:00:10]} Ra4 {[%eval -10,17] [%emt 0:00:11] (Rxe5)} 59.
Re3 {[%eval 0,18] [%emt 0:00:25]} g4 {[%eval 0,19] [%emt 0:00:13] (Ad5)} 60.
Nh5 {[%eval 0,21] [%emt 0:00:18]} Bf3+ {[%eval 0,21] [%emt 0:00:21] (Te4)} 61.
Kf2 {[%eval 0,22] [%emt 0:00:11]} 1/2-1/2

[Event "Reto (Fritz11, 90'+10\"/999) "]
[Site "?"]
[Date "2009.12.31"]
[Round "?"]
[White "Diaz, Sergio"]
[Black "Cabrera, Marcelo Dario"]
[Result "1/2-1/2"]
[WhiteElo "2472"]
[BlackElo "2267"]
[PlyCount "106"]

1. e4 c5 2. Nf3 e6 3. d4 cxd4 4. Nxd4 a6 5. Bd3 Nf6 6. O-O Qc7 7. Qe2 d6 8. c4
Be7 9. Nc3 Nc6 10. Nxc6 bxc6 11. f4 Nd7 12. Be3 Rb8 13. Rad1 O-O 14. Rf3 g6 15.
g4 Bf6 16. Qd2 Bb7 17. g5 Bg7 18. Be2 {[%eval 48,14] [%emt 0:00:19]} d5 {
[%eval 28,15] [%emt 0:00:37]} 19. Rf2 {[%eval 26,15] [%emt 0:00:18]} Nb6 {
[%eval 28,15] [%emt 0:00:12]} 20. exd5 {[%eval 12,15] [%emt 0:00:33] (f5)} cxd5
{[%eval 7,17] [%emt 0:00:17]} 21. c5 {[%eval 0,18] [%emt 0:00:26]} Nc4 {
[%eval 0,19] [%emt 0:00:26]} 22. Bxc4 {[%eval 0,19] [%emt 0:00:22]} dxc4 {
[%eval 0,19] [%emt 0:00:10]} 23. Qd6 {[%eval -9,19] [%emt 0:00:33]} Qc8 {
[%eval -10,19] [%emt 0:00:24]} 24. Qd7 {[%eval -16,19] [%emt 0:00:39]} Qxd7 {
[%eval -6,19] [%emt 0:00:16]} 25. Rxd7 {[%eval -5,19] [%emt 0:00:02]} Rfc8 {
[%eval -1,19] [%emt 0:00:59] (Ac6)} 26. Rfd2 {[%eval -14,18] [%emt 0:00:13]} h5
{[%eval -4,18] [%emt 0:00:32] (Af8)} 27. R7d6 {[%eval -16,17] [%emt 0:00:16] 
(Rf2)} Bc6 {[%eval -13,19] [%emt 0:00:15]} 28. Kf2 {[%eval -12,19] [%emt 0:00:
20]} h4 {[%eval -25,17] [%emt 0:00:13] (Af8)} 29. Rc2 {[%eval -26,18] [%emt 0:
00:31] (Te2)} Rb4 {[%eval -27,18] [%emt 0:00:18]} 30. Re2 {[%eval -20,18] 
[%emt 0:00:21]} Rb7 {[%eval -25,18] [%emt 0:00:12]} 31. Rdd2 {[%eval -21,18] 
[%emt 0:00:13]} Kh7 {[%eval -21,18] [%emt 0:00:36] (a5)} 32. Rd6 {[%eval -20,
18] [%emt 0:00:13]} a5 {[%eval -24,18] [%emt 0:00:25]} 33. Rc2 {[%eval -20,18]
[%emt 0:00:20]} e5 {[%eval -24,18] [%emt 0:00:36]} 34. Re2 {[%eval -34,18] 
[%emt 0:00:39] (Tdd2)} exf4 {[%eval -46,17] [%emt 0:00:11] (a4)} 35. Bd4 {
[%eval -49,17] [%emt 0:00:11]} h3 {[%eval -52,18] [%emt 0:00:14]} 36. Bxg7 {
[%eval -50,19] [%emt 0:00:20]} Kxg7 {[%eval -56,20] [%emt 0:00:14]} 37. Nd5 {
[%eval -44,20] [%emt 0:00:24]} Bxd5 {[%eval -54,20] [%emt 0:00:14]} 38. Rxd5 {
[%eval -53,21] [%emt 0:00:07]} Rb5 {[%eval -46,21] [%emt 0:00:13]} 39. Kf3 {
[%eval -46,22] [%emt 0:00:13]} Rcxc5 {[%eval -46,23] [%emt 0:00:23] (Tbxc5)}
40. Rxc5 {[%eval -45,23] [%emt 0:00:13]} Rxc5 {[%eval -46,24] [%emt 0:00:12]}
41. Kxf4 {[%eval -45,24] [%emt 0:00:20]} c3 {[%eval -46,24] [%emt 0:00:20]} 42.
bxc3 {[%eval -45,24] [%emt 0:00:16]} Rxc3 {[%eval -46,25] [%emt 0:00:33]} 43.
Kg4 {[%eval -45,23] [%emt 0:00:14] (Te5)} a4 {[%eval -46,23] [%emt 0:00:11]}
44. Kf4 {[%eval -45,20] [%emt 0:00:11] (Tf2)} Kf8 {[%eval -46,20] [%emt 0:00:
22] (Td3)} 45. Re4 {[%eval -45,21] [%emt 0:00:22] (Rg4)} Ra3 {[%eval -46,23] 
[%emt 0:00:14]} 46. Re2 {[%eval -45,24] [%emt 0:00:13]} Rd3 {[%eval -46,24] 
[%emt 0:00:24]} 47. Ke4 {[%eval -45,24] [%emt 0:00:24] (Te4)} Rc3 {[%eval -46,
24] [%emt 0:00:53]} 48. Kf4 {[%eval -45,24] [%emt 0:00:25]} a3 {[%eval -46,24]
[%emt 0:00:16]} 49. Ke4 {[%eval -45,23] [%emt 0:00:14] (Rg4)} f5+ {[%eval -45,
23] [%emt 0:00:55] (Rg8)} 50. gxf6 {[%eval -30,20] [%emt 0:00:16]} Kf7 {
[%eval -8,20] [%emt 0:00:17]} 51. Kf4 {[%eval -7,21] [%emt 0:00:20]} Kxf6 {
[%eval -9,21] [%emt 0:00:19]} 52. Rf2 {[%eval -7,21] [%emt 0:00:21]} Kg7 {
[%eval -2,21] [%emt 0:00:49] (Re6)} 53. Kg5 {[%eval 0,21] [%emt 0:00:34]} Rc5+
{[%eval 0,21] [%emt 0:00:13] (Td3)} 1/2-1/2

[Event "Reto (Fritz11, 90'+10\"/999) "]
[Site "?"]
[Date "2009.12.31"]
[Round "?"]
[White "Diaz, Sergio"]
[Black "Cabrera, Marcelo Dario"]
[Result "1/2-1/2"]
[WhiteElo "2472"]
[BlackElo "2267"]
[PlyCount "99"]

1. e4 c5 2. Nf3 e6 3. d4 cxd4 4. Nxd4 a6 5. Bd3 Nf6 6. O-O Qc7 7. Qe2 d6 8. c4
Be7 9. Nc3 Nc6 10. Nxc6 bxc6 11. f4 Nd7 12. Be3 Rb8 13. Rad1 O-O 14. Rf3 g6 15.
g4 Bf6 16. Qd2 d5 17. cxd5 {[%eval 46,14] [%emt 0:00:19]} cxd5 {[%eval 37,16] 
[%emt 0:00:34]} 18. exd5 {[%eval 35,17] [%emt 0:00:40]} Bb7 {[%eval 34,17] 
[%emt 0:00:39]} 19. Be2 {[%eval 39,17] [%emt 0:00:40]} Bxc3 {[%eval 38,16] 
[%emt 0:00:12]} 20. Qxc3 {[%eval 41,17] [%emt 0:00:06]} Qxc3 {[%eval 34,18] 
[%emt 0:00:16]} 21. bxc3 {[%eval 35,18] [%emt 0:00:05]} Bxd5 {[%eval 38,19] 
[%emt 0:00:29]} 22. Rf2 {[%eval 54,19] [%emt 0:00:29]} Nf6 {[%eval 44,19] 
[%emt 0:00:26]} 23. c4 {[%eval 39,19] [%emt 0:00:17]} Bc6 {[%eval 41,19] [%emt
0:00:12]} 24. Bd4 {[%eval 37,19] [%emt 0:00:20]} Ne4 {[%eval 29,19] [%emt 0:00:
24]} 25. Rf3 {[%eval 35,19] [%emt 0:00:26]} f6 {[%eval 52,19] [%emt 0:00:37] 
(Aa4)} 26. Re3 {[%eval 21,16] [%emt 0:00:25]} Rfd8 {[%eval 27,17] [%emt 0:00:
14] (e5)} 27. Rb3 {[%eval 21,17] [%emt 0:00:11]} Ba4 {[%eval 23,18] [%emt 0:00:
17]} 28. Rxb8 {[%eval 23,19] [%emt 0:00:21]} Rxb8 {[%eval 18,17] [%emt 0:00:03]
} 29. Rc1 {[%eval 20,19] [%emt 0:00:36] (Td3)} Kf7 {[%eval 20,19] [%emt 0:00:
30] (Ac6)} 30. Bf3 {[%eval 19,19] [%emt 0:00:29]} f5 {[%eval 14,19] [%emt 0:00:
26]} 31. Be5 {[%eval 16,19] [%emt 0:00:32]} Rd8 {[%eval 13,19] [%emt 0:00:38]}
32. Bxe4 {[%eval 14,18] [%emt 0:00:26]} fxe4 {[%eval 12,19] [%emt 0:00:12]} 33.
c5 {[%eval 12,19] [%emt 0:00:13]} Bc6 {[%eval 10,19] [%emt 0:00:10]} 34. Bd6 {
[%eval 17,19] [%emt 0:00:21]} h5 {[%eval 19,19] [%emt 0:00:16]} 35. g5 {
[%eval 19,21] [%emt 0:00:18]} Rd7 {[%eval 20,21] [%emt 0:00:24]} 36. Rb1 {
[%eval 14,22] [%emt 0:00:26]} e3 {[%eval 15,22] [%emt 0:00:25] (Tb7)} 37. Rb6 {
[%eval 16,21] [%emt 0:00:13] (Rf1)} Bb5 {[%eval 14,21] [%emt 0:00:59] (Tb7)}
38. h4 {[%eval 14,18] [%emt 0:00:19] (Rg2)} Bc4 {[%eval 12,19] [%emt 0:00:16]}
39. a4 {[%eval 11,20] [%emt 0:00:29]} a5 {[%eval 9,20] [%emt 0:00:20]} 40. Rb1
{[%eval 9,18] [%emt 0:00:10]} e2 {[%eval 9,19] [%emt 0:00:15]} 41. Re1 {
[%eval 7,20] [%emt 0:00:16]} Bd5 {[%eval 4,20] [%emt 0:00:11]} 42. Rxe2 {
[%eval 11,21] [%emt 0:00:23]} Rb7 {[%eval 8,21] [%emt 0:00:11]} 43. Kf2 {
[%eval 11,21] [%emt 0:00:28]} Bc6 {[%eval 9,21] [%emt 0:00:18]} 44. Be5 {
[%eval 10,21] [%emt 0:00:18]} Rb4 {[%eval 8,21] [%emt 0:00:16]} 45. Rb2 {
[%eval 9,21] [%emt 0:00:20]} Rxb2+ {[%eval 8,22] [%emt 0:00:18]} 46. Bxb2 {
[%eval 4,23] [%emt 0:00:11]} Bxa4 {[%eval 7,24] [%emt 0:00:18]} 47. Bc3 {
[%eval 6,24] [%emt 0:00:34]} Bc6 {[%eval 7,24] [%emt 0:00:37] (e5)} 48. Bxa5 {
[%eval 8,21] [%emt 0:00:12]} Ba4 {[%eval 7,22] [%emt 0:00:18]} 49. Bc3 {
[%eval 8,23] [%emt 0:00:18] (Ad2)} Ke8 {[%eval 7,25] [%emt 0:00:59]} 50. Ke2 {
[%eval 8,19] [%emt 0:00:14] (Re3)} 1/2-1/2

[Event "Reto (Fritz1, 90'+10\"/100+30') "]
[Site "?"]
[Date "2009.12.31"]
[Round "?"]
[White "Diaz, Sergio"]
[Black "Cabrera, Marcelo Dario"]
[Result "1/2-1/2"]
[WhiteElo "2472"]
[BlackElo "2267"]
[PlyCount "88"]

1. e4 c5 2. Nf3 e6 3. d4 cxd4 4. Nxd4 a6 5. Bd3 Nf6 6. O-O Qc7 7. Qe2 d6 8. c4
Be7 9. Nc3 Nc6 10. Nxc6 bxc6 11. f4 Nd7 12. Be3 Rb8 13. Rad1 O-O 14. Rf3 g6 15.
g4 Bf6 16. Qd2 Bb7 17. g5 Bg7 18. Bf1 d5 19. Rf2 Rfe8 20. cxd5 cxd5 21. exd5
exd5 22. Nxd5 Bxd5 23. Qxd5 Rxe3 24. Qxd7 Qc5 25. Qd6 {[%eval 77,18] [%emt 0:
08:45]} Qxd6 {[%eval 69,18] [%emt 0:04:52]} 26. Rxd6 {[%eval 69,18] [%emt 0:02:
50]} Bxb2 {[%eval 61,19] [%emt 0:15:30]} 27. Rxa6 {[%eval 51,19] [%emt 0:14:51]
} Re4 {[%eval 35,19] [%emt 0:08:56] (Tb4)} 28. Kg2 {[%eval 35,19] [%emt 0:05:
56]} Bc1 {[%eval 36,19] [%emt 0:10:33]} 29. Kg3 {[%eval 36,18] [%emt 0:02:53]}
Rbb4 {[%eval 36,18] [%emt 0:07:24]} 30. Rf6 {[%eval 38,18] [%emt 0:03:10]} Re3+
{[%eval 31,18] [%emt 0:04:52]} 31. Rf3 {[%eval 25,19] [%emt 0:06:44] (Rg4)}
Rxf3+ {[%eval 21,19] [%emt 0:05:13]} 32. Kxf3 {[%eval 20,20] [%emt 0:03:21]}
Ra4 {[%eval 20,19] [%emt 0:01:58]} 33. Bd3 {[%eval 20,18] [%emt 0:04:12]} Ra3 {
[%eval 19,18] [%emt 0:03:54]} 34. Rd6 {[%eval 18,18] [%emt 0:02:45]} Kg7 {
[%eval 18,18] [%emt 0:02:31]} 35. Rd7 {[%eval 19,19] [%emt 0:03:45]} h5 {
[%eval 10,19] [%emt 0:05:25]} 36. Rd4 {[%eval 15,18] [%emt 0:03:05] (Rg3)} Rxa2
{[%eval 9,18] [%emt 0:01:40] (f5)} 37. h3 {[%eval 5,18] [%emt 0:02:24] (Tc4)}
f5 {[%eval 3,18] [%emt 0:02:24]} 38. gxf6+ {[%eval 3,19] [%emt 0:03:25]} Kxf6 {
[%eval 2,19] [%emt 0:02:54]} 39. Rd6+ {[%eval 2,18] [%emt 0:01:37]} Ke7 {
[%eval 3,19] [%emt 0:02:19]} 40. Rxg6 {[%eval 2,19] [%emt 0:04:17]} Ra3 {
[%eval 2,18] [%emt 0:01:57]} 41. Ke4 {[%eval 1,18] [%emt 0:03:47]} Ra4+ {
[%eval 1,18] [%emt 0:03:28]} 42. Kd5 {[%eval 1,18] [%emt 0:01:45] (Re5)} Ra5+ {
[%eval 0,18] [%emt 0:02:32]} 43. Ke4 {[%eval 0,20] [%emt 0:01:42] (Rd4)} Ra4+ {
[%eval 0,19] [%emt 0:00:34]} 44. Ke5 {[%eval 0,19] [%emt 0:05:05]} Ra5+ {
[%eval 0,18] [%emt 0:01:24]} 1/2-1/2

[Event "Reto (Fritz11, 90'+10\"/100+30') "]
[Site "?"]
[Date "2009.12.31"]
[Round "?"]
[White "Diaz, Sergio"]
[Black "Cabrera, Marcelo Dario"]
[Result "1/2-1/2"]
[WhiteElo "2472"]
[BlackElo "2267"]
[PlyCount "100"]

1. e4 c5 2. Nf3 e6 3. d4 cxd4 4. Nxd4 a6 5. Bd3 Nf6 6. O-O Qc7 7. Qe2 d6 8. c4
Be7 9. Nc3 Nc6 10. Nxc6 bxc6 11. f4 Nd7 12. Be3 Rb8 13. Rad1 O-O 14. Rf3 g6 15.
g4 Bf6 16. Qd2 Bb7 17. g5 Bg7 18. Bf1 d5 19. Rf2 Rfe8 20. cxd5 cxd5 21. exd5
exd5 22. Nxd5 Bxd5 23. Qxd5 Rxe3 24. Qxd7 Qc5 25. Kg2 {[%eval 23,18] [%emt 0:
03:13]} Bxb2 {[%eval 35,18] [%emt 0:03:52]} 26. Bxa6 {[%eval 36,18] [%emt 0:01:
25]} Bc3 {[%eval 33,18] [%emt 0:03:06]} 27. Rd5 {[%eval 38,18] [%emt 0:01:27]}
Qb4 {[%eval 33,18] [%emt 0:01:16]} 28. Bd3 {[%eval 32,18] [%emt 0:01:33]} Kg7 {
[%eval 31,18] [%emt 0:03:07]} 29. Qa7 {[%eval 31,18] [%emt 0:01:52]} Re7 {
[%eval 24,19] [%emt 0:03:11]} 30. Qa6 {[%eval 25,19] [%emt 0:01:32]} h6 {
[%eval 28,19] [%emt 0:03:05]} 31. a3 {[%eval 33,19] [%emt 0:03:00]} Qb3 {
[%eval 23,19] [%emt 0:03:16]} 32. gxh6+ {[%eval 23,18] [%emt 0:00:55]} Kxh6 {
[%eval 25,19] [%emt 0:01:25]} 33. Rd6 {[%eval 20,19] [%emt 0:02:39]} Kg7 {
[%eval 23,19] [%emt 0:03:17]} 34. f5 {[%eval 17,18] [%emt 0:01:33]} gxf5 {
[%eval 20,18] [%emt 0:02:16]} 35. Bxf5 {[%eval 19,18] [%emt 0:01:15]} Be5 {
[%eval 13,18] [%emt 0:01:59]} 36. Rd3 {[%eval 16,18] [%emt 0:01:02]} Qb7+ {
[%eval 15,19] [%emt 0:01:29]} 37. Qxb7 {[%eval 16,20] [%emt 0:01:06]} Rexb7 {
[%eval 14,18] [%emt 0:00:13]} 38. Rd5 {[%eval 16,20] [%emt 0:01:20]} Rb5 {
[%eval 20,20] [%emt 0:02:10]} 39. Rd7 {[%eval 22,20] [%emt 0:01:10]} R5b7 {
[%eval 24,20] [%emt 0:03:24]} 40. Rxb7 {[%eval 25,21] [%emt 0:02:10]} Rxb7 {
[%eval 24,19] [%emt 0:00:10]} 41. a4 {[%eval 23,21] [%emt 0:02:02]} Bc3 {
[%eval 22,20] [%emt 0:04:25]} 42. Rc2 {[%eval 21,20] [%emt 0:01:04]} Rc7 {
[%eval 19,21] [%emt 0:03:07]} 43. Ra2 {[%eval 14,21] [%emt 0:03:41] (h3)} Rc5 {
[%eval 12,18] [%emt 0:00:48]} 44. Rf2 {[%eval 13,19] [%emt 0:00:54] (Ae4)} Rd5
{[%eval 11,21] [%emt 0:01:36]} 45. Kh3 {[%eval 12,21] [%emt 0:01:41]} Rd2 {
[%eval 11,22] [%emt 0:00:58]} 46. Rxd2 {[%eval 12,24] [%emt 0:01:24]} Bxd2 {
[%eval 11,26] [%emt 0:00:09]} 47. Kg2 {[%eval 12,25] [%emt 0:01:32] (Rg4)} Kf6
{[%eval 10,26] [%emt 0:00:59]} 48. Bg4 {[%eval 11,25] [%emt 0:00:54] (Ad7)} Kg5
{[%eval 10,25] [%emt 0:00:46]} 49. Be2 {[%eval 11,25] [%emt 0:00:56] (Ad7)} f5
{[%eval 10,25] [%emt 0:00:44]} 50. Bb5 {[%eval 11,26] [%emt 0:02:36]} Kf4 {
[%eval 10,26] [%emt 0:01:28]} 1/2-1/2

[Event "Reto (Rybka232mp32-bit, 90'+10\"/100+30'"]
[Site "?"]
[Date "2009.12.31"]
[Round "?"]
[White "Diaz, Sergio"]
[Black "Cabrera, Marcelo Dario"]
[Result "1/2-1/2"]
[WhiteElo "2472"]
[BlackElo "2267"]
[PlyCount "77"]

1. e4 c5 2. Nf3 e6 3. d4 cxd4 4. Nxd4 a6 5. Bd3 Nf6 6. O-O Qc7 7. Qe2 d6 8. c4
Be7 9. Nc3 Nc6 10. Nxc6 bxc6 11. f4 Nd7 12. Be3 Rb8 13. Rad1 O-O 14. Rf3 g6 15.
g4 Bf6 16. Qd2 Bb7 17. g5 Bg7 18. Bf1 d5 19. Rf2 Rfe8 20. cxd5 cxd5 21. exd5
exd5 22. Nxd5 Bxd5 23. Qxd5 Rxe3 24. Qxd7 Qc5 25. Kg2 {[%eval 36,17] [%emt 0:
04:34]} Bxb2 {[%eval 33,17] [%emt 0:02:11]} 26. Bxa6 {[%eval 33,17] [%emt 0:01:
47]} Ba3 {[%eval 38,17] [%emt 0:03:44]} 27. Rd5 {[%eval 45,17] [%emt 0:01:45]}
Qc1 {[%eval 38,18] [%emt 0:07:00]} 28. Rdd2 {[%eval 33,18] [%emt 0:03:54]} Be7
{[%eval 42,18] [%emt 0:04:12]} 29. Rc2 {[%eval 43,18] [%emt 0:02:05]} Qa3 {
[%eval 47,18] [%emt 0:01:40]} 30. Bc4 {[%eval 47,18] [%emt 0:01:49]} Rd8 {
[%eval 34,18] [%emt 0:04:10]} 31. Qb7 {[%eval 36,18] [%emt 0:01:22]} Qd6 {
[%eval 29,18] [%emt 0:02:43]} 32. a4 {[%eval 35,18] [%emt 0:02:26]} Rd7 {
[%eval 30,18] [%emt 0:02:23]} 33. Qb5 {[%eval 21,18] [%emt 0:03:00]} Qd4 {
[%eval 19,18] [%emt 0:02:31]} 34. Qc6 {[%eval 24,18] [%emt 0:02:37]} Bf8 {
[%eval 19,18] [%emt 0:03:34]} 35. Bb5 {[%eval 19,18] [%emt 0:01:52]} Rd6 {
[%eval 13,18] [%emt 0:02:34]} 36. Qc4 {[%eval 12,18] [%emt 0:02:00]} Qa7 {
[%eval 13,18] [%emt 0:06:25]} 37. h3 {[%eval 0,18] [%emt 0:15:04]} h6 {[%eval
0,18] [%emt 0:03:05]} 38. gxh6 {[%eval 0,18] [%emt 0:08:11]} Bxh6 {[%eval 0,18]
[%emt 0:00:43]} 39. Qc8+ {[%eval 0,18] [%emt 0:04:50]} 1/2-1/2